000 00709nam a2200217 a 4500
005 20160826145329.0
008 140304b1999 ck |||||rm||| 00| 0 spa d
040 _aCO-BoIAVH
_cCO-BoIAVH
041 _aspa
044 _ack
090 _aTE
_b0100
100 _aGómez Serrano, Juan Ricardo
245 _aEcología alimentaria de la nutria gigante (Pteronura brasiliensis) en el bajo río Bita (Vichada, Colombia)
260 _aBogotá
_bPontificia Universidad Javeriana. Facultad de Ciencias
_c1999
300 _a80
650 _aHábitos alimentarios
650 _aCompetencia
650 _aRecursos pesqueros
662 _aColombia
_cRío Bita
_bVichada
942 _cTESIS
_2z
999 _c2093
_d2093